00634nam a2200169Ia 4500003000900000008004100009040001600050080002500066110003300091245018000124260005000304300000800354500002900362650003400391650001800425650002100443IN-BaIIA211028s9999 xx 000 0 eng d cIIA Library a083.7:69.003.12bISI aIndian Standards Institution 0aIndian standard method of measurement of building and civil engineering workbpt. 16, laying of water and sewer lines Including appurtenant itemscIndian Standards Institution aNew DelhibIndian Standards Institutionc1970 a6p. aIS 1200 : Part 16 : 1969 a Civil Engineering-Standards a Standards  aNASA Thesaurus